[Event "Oberliga Nord O9293"]
[Site "Germany"]
[Date "1993.??.??"]
[Round "?"]
[White "Tyrtania, Maximilian"]
[Black "Seils, Joerg"]
[Result "0-1"]
[WhiteElo "2245"]
[BlackElo "2330"]

1.d4 Nf6 2.c4 e6 3.Nc3 Bb4 4.Qc2 O-O 5.Bg5 d6 6.e3 Nbd7 7.Bd3 Bxc3+ 8.Qxc3 e5
9.Ne2 Re8 10.f3 Nf8 11.Qc2 exd4 12.exd4 Ne6 13.Bxf6 Qxf6 14.Bxh7+ Kh8 15.Be4 Nxd4
16.Nxd4 Qxd4 17.Qf2 Qxf2+ 18.Kxf2 f5 19.Bd3 Bd7 20.Rae1 Kg8 21.f4 Kf7 22.Rxe8 Rxe8
23.Re1 Rb8 24.Rc1 b6 25.h3 Kf6 26.Rc3 Re8 27.b4 Bc6 28.Ra3 Be4 29.Bf1 Ra8
30.b5 Bb7 31.Be2 a5 32.bxa6 Rxa6 33.Rxa6 Bxa6 34.Ke3 Ke6 35.Bd3 Bb7 36.g4 fxg4
37.hxg4 Bg2 38.g5 Bh3 39.Bh7 Bf5 40.Bg8+ Kd7 41.Kd4 c6 42.a3 Ke7 43.c5 bxc5+
44.Kc3 d5  0-1

[Event "BL2-W9293"]
[Site "Germany"]
[Date "1993.??.??"]
[Round "?"]
[White "Cordes, Hans Joerg"]
[Black "Buscher, Michael"]
[Result "1-0"]
[WhiteElo "2320"]
[BlackElo "2275"]

1.d4 Nf6 2.c4 e6 3.Nc3 Bb4 4.Qc2 O-O 5.a3 Bxc3+ 6.Qxc3 b5 7.e3 bxc4 8.Bxc4 Bb7
9.Nf3 d6 10.O-O Nbd7 11.b4 Qe7 12.Bb2 Nb6 13.Bb3 Ne4 14.Qc2 c5 15.dxc5 dxc5
16.bxc5 Nxc5 17.Qc3 f6 18.Qb4 Nd5 19.Bxd5 Bxd5 20.Bd4 Rfc8 21.Rfc1 a5 22.Bxc5 axb4
23.Bxe7 Rxc1+ 24.Rxc1 bxa3 25.Nd2 a2 26.Ra1 Rb8 27.Kf1 Rb2 28.Ke1 Bxg2 29.Ba3 Rb5
30.Rxa2 Rh5 31.Bd6 e5 32.f4 Kf7 33.Nf1 Bxf1 34.Kxf1 Ke6 35.fxe5 fxe5 36.Bb8 Kf5
37.Bxe5  1-0

[Event "NRW-Liga I 9293"]
[Site "Germany"]
[Date "1993.??.??"]
[Round "?"]
[White "Schoen, Wolfram"]
[Black "Arkhipov, Sergey"]
[Result "1/2-1/2"]
[WhiteElo "2360"]
[BlackElo "2515"]

1.d4 Nf6 2.c4 e6 3.Nc3 Bb4 4.Qc2 O-O 5.a3 Bxc3+ 6.Qxc3 d6 7.Bg5 Nbd7 8.e3 b6
9.Bd3 c5 10.dxc5 Nxc5 11.Bc2 Bb7 12.Nf3 Rc8 13.O-O d5 14.Bxf6 Qxf6 15.Qxf6 gxf6
16.cxd5 Bxd5 17.Rac1 Nb3 18.Bxb3 Bxb3 19.Nd4 Bd5 20.f3 Rfd8 21.Rfd1 Kf8 22.Rxc8 Rxc8
23.Rd2 Ke7 24.Kf2 Rc5 25.e4 Bb7 26.Ke3 Ba6 27.Rc2 Kd6 28.b4 Rxc2 29.Nxc2 Bc8
30.f4 Bd7 31.Nd4 e5 32.Nf3 Bg4 33.Nd2 Be6 34.f5 Bd7 35.g4 Ba4 36.Nc4+ Ke7
37.Kd2 Bc6 38.Kd3 Bb5 39.Kc3 Bc6 40.Nd2 Bb5  1/2-1/2

[Event "NRW-Liga II 9293"]
[Site "Germany"]
[Date "1993.??.??"]
[Round "?"]
[White "Dinstuhl, Volkmar"]
[Black "Rechmann, Peter"]
[Result "1-0"]
[WhiteElo "2360"]
[BlackElo "2360"]

1.d4 Nf6 2.c4 e6 3.Nc3 Bb4 4.Qc2 O-O 5.Bg5 h6 6.Bh4 c5 7.e3 d5 8.cxd5 exd5
9.Bd3 c4 10.Be2 Nbd7 11.Nf3 Qa5 12.Nd2 Re8 13.Bf3 g5 14.Bg3 Nf8 15.O-O g4
16.Be2 Ng6 17.e4 Bxc3 18.bxc3 Nxe4 19.Nxe4 dxe4 20.Bxc4 Be6 21.Bxe6 Rxe6
22.c4 Qh5 23.Rab1 b6 24.Rb5 f5 25.d5 a6 26.dxe6 axb5 27.cxb5 f4 28.Qxe4 Rf8
29.e7 Nxe7 30.Bxf4 Qd5 31.Qxd5+ Nxd5 32.Bxh6 Ra8 33.Ra1 Ra4 34.g3 Kf7 35.Rd1 Ke6
36.Re1+ Kd6 37.Bf8+ Kd7 38.a3 Nc3 39.Re7+ Kd8 40.Re5 Rd4 41.Kg2  1-0

[Event "BL2-S9293"]
[Site "Germany"]
[Date "1993.??.??"]
[Round "?"]
[White "Lorscheid, Gerhard"]
[Black "Holzhaeuer, Mathias"]
[Result "0-1"]
[WhiteElo "2305"]
[BlackElo "2340"]

1.d4 Nf6 2.c4 e6 3.Nc3 Bb4 4.Qc2 O-O 5.a3 Bxc3+ 6.Qxc3 d6 7.Bg5 Nbd7 8.e3 h6
9.Bh4 b6 10.Bd3 c5 11.Ne2 Ba6 12.b4 cxd4 13.exd4 Rc8 14.Qb3 e5 15.f3 Qc7
16.Rc1 Nh5 17.O-O Kh8 18.Bf5 g6 19.Bxd7 Qxd7 20.dxe5 dxe5 21.b5 Bb7 22.Qe3 g5
23.Bf2 f6 24.Rfd1 Qg7 25.c5 bxc5 26.Rxc5 Nf4 27.Ng3 Rcd8 28.Rcc1 g4 29.Rxd8 Rxd8
30.Qxa7 gxf3 31.Qb6 Ne2+ 32.Kf1 Rd7 33.gxf3 Nxc1  0-1

[Event "Bundesliga 9293"]
[Site "Germany"]
[Date "1993.??.??"]
[Round "?"]
[White "Michaelsen, Nils"]
[Black "Mueller, Olaf"]
[Result "1-0"]
[WhiteElo "2415"]
[BlackElo "2345"]

1.d4 Nf6 2.c4 e6 3.Nc3 Bb4 4.Qc2 O-O 5.Bg5 d6 6.e3 b6 7.Bd3 h6 8.Bh4 Bb7
9.Ne2 Nbd7 10.O-O d5 11.cxd5 exd5 12.Qa4 Be7 13.Ba6 Bxa6 14.Qxa6 c6 15.Rac1 Re8
16.Rc2 Qc8 17.Qxc8 Raxc8 18.Rfc1 c5 19.dxc5 Rxc5 20.Rd1 b5 21.Rcd2 g5 22.Bg3 Nb6
23.Rd4 a5 24.a3 Bf8 25.h4 Kg7 26.hxg5 hxg5 27.Bh2 Kg6 28.g4 Nc4 29.b4 Rc6
30.Nxd5 Nxd5 31.Rxd5 Nxa3 32.bxa5 b4 33.Nd4 Rc5 34.Rxc5 Bxc5 35.Nb3 Bf8 36.Rd5 Re4
37.a6 Rxg4+ 38.Kf1  1-0

[Event "Oberliga Nord O9293"]
[Site "Germany"]
[Date "1993.??.??"]
[Round "?"]
[White "Baburin, Alexander"]
[Black "Seils, Joerg"]
[Result "1-0"]
[WhiteElo "2520"]
[BlackElo "2330"]

1.d4 Nf6 2.c4 e6 3.Nc3 Bb4 4.Qc2 O-O 5.a3 Bxc3+ 6.Qxc3 d6 7.Bg5 Nbd7 8.e3 Re8
9.Bd3 e5 10.Ne2 Nf8 11.dxe5 dxe5 12.O-O-O Qe7 13.f4 Bg4 14.Rd2 h6 15.Bxf6 Qxf6
16.Ng3 exf4 17.Qxf6 gxf6 18.exf4 Re7 19.f5 h5 20.Rf1 Kg7 21.Rf4 Nd7 22.Re4 Rxe4
23.Bxe4 Nc5 24.Bc2 Re8 25.b4 h4 26.Rd4 hxg3 27.Rxg4+ Kf8 28.Rxg3 Nd7 29.Rd3 Ne5
30.Rd4 Ke7 31.Bd1 Rg8 32.g3 b6 33.Be2 Rg5 34.g4 c5 35.Re4 Kd6 36.Kd2 Rg8
37.h4 Nc6 38.Kc3 a5 39.bxc5+ bxc5 40.Bd1 Nd4 41.Re1 Rb8 42.h5 Rh8 43.Kd3 Nc6
44.Be2 Rb8 45.Rh1 Ke5 46.Ke3 Nd4 47.Bd3 Rg8 48.h6 Rh8 49.h7 Kd6 50.Ke4 Nc6
51.Rh6 Ke7 52.g5 Ne5 53.Be2 Nd7 54.Kf4 fxg5+ 55.Kxg5 Nf8 56.f6+ Kd6 57.Bd3 Ne6+
58.Kf5 Nd4+ 59.Ke4 Re8+ 60.Kf4 Ne6+ 61.Kg4 Rh8 62.Bf5 Nd4 63.Kf4 Ne2+ 64.Kg5 Nd4
65.Rh3 Ke5 66.Re3+ Kd6 67.Bd3 Ne6+ 68.Kh6 Rb8 69.Bf5 Nd4 70.Bh3 Nc2 71.Rd3+  1-0

[Event "BL2-W9293"]
[Site "Germany"]
[Date "1993.??.??"]
[Round "?"]
[White "Gerusel, Mathias"]
[Black "Buscher, Michael"]
[Result "0-1"]
[WhiteElo "2345"]
[BlackElo "2275"]

1.d4 Nf6 2.c4 e6 3.Nc3 Bb4 4.Qc2 O-O 5.a3 Bxc3+ 6.Qxc3 b6 7.Bg5 Bb7 8.f3 h6
9.Bh4 c5 10.dxc5 bxc5 11.e3 Nc6 12.Bd3 Ne4 13.Bxd8 Nxc3 14.Bc7 Rfc8 15.Bd6 Na4
16.b3 Nb6 17.O-O-O Na5 18.Kc2 Bc6 19.Ne2 Nb7 20.Be4 Nxd6 21.Rxd6 Bxe4+ 22.fxe4 Kf8
23.Rhd1 Ke7 24.Nc3 Rab8 25.R6d2 a6 26.Na4 Rc7 27.Nxb6 Rxb6 28.e5 Rcb7 29.Rd6 f6
30.exf6+ gxf6 31.Rxb6 Rxb6 32.Rf1 Rb8 33.Rf4 Rg8 34.g3 Rg5 35.Rh4 h5 36.e4 a5
37.Kc3 Kd6 38.b4 axb4+ 39.axb4 cxb4+ 40.Kxb4 Ke5 41.Kc3 Kd6 42.Kd3 Ke7 43.Kd4 Kf7
44.c5 Ke7 45.Kc4 Kd8 46.Rf4 Rg4 47.Kb5 Ke7 48.Kc4 e5 49.Rxg4 hxg4 50.Kd5 Kf7
51.Kd6 Ke8 52.c6 dxc6 53.Ke6 c5 54.Kd5 Ke7 55.Kxc5 f5 56.exf5 Kf6 57.Kc4 Kxf5
58.Kd3 Kf6 59.Ke3 Ke7 60.Kd3 Kd6 61.Ke4 Ke6 62.Kd3 Kd5 63.Ke3 e4 64.Kf4 Kd4
65.Kxg4 e3 66.h4 e2  0-1

[Event "Goch op"]
[Site "Goch"]
[Date "1993.??.??"]
[Round "4"]
[White "Ries, Heinz Gerd"]
[Black "Wellner, E."]
[Result "0-1"]
[WhiteElo "1840"]
[BlackElo "2015"]

1.d4 Nf6 2.c4 e6 3.Nc3 Bb4 4.Qc2 O-O 5.e3 b6 6.Nf3 Bb7 7.Be2 Ne4 8.O-O Bxc3
9.bxc3 f5 10.a4 a5 11.Ba3 d6 12.Qb3 Rf6 13.c5 Rg6 14.g3 Nd7 15.Rfd1 Rb8 16.cxb6 cxb6
17.c4 Ndf6 18.Ne1 Ng4 19.Nd3 Nxh2 20.Nf4 Nxg3 21.Nxg6 Nxe2+ 22.Kxh2 hxg6
23.d5 exd5 24.f3 Qh4+ 25.Kg2 Qg3+ 26.Kf1 Qxf3+ 27.Ke1 Re8 28.Rd3 Nd4  0-1

[Event "Graz op"]
[Site "Graz"]
[Date "1993.??.??"]
[Round "1"]
[White "Loebler, Heimo"]
[Black "Podlesnik, Bogdan"]
[Result "0-1"]
[WhiteElo "2350"]
[BlackElo "2380"]

1.d4 Nf6 2.c4 e6 3.Nc3 Bb4 4.Qc2 O-O 5.Nf3 d6 6.Bd2 c5 7.dxc5 dxc5 8.a3 Ba5
9.Bg5 Nbd7 10.e3 Qe8 11.Rb1 e5 12.b4 Bd8 13.Bd3 h6 14.Bh4 b6 15.Ne4 cxb4
16.axb4 Qe6 17.c5 Bb7 18.Nd6 Bxf3 19.gxf3 bxc5 20.bxc5 e4 21.Nxe4 Nxe4 22.Bxd8 Nxf2
23.Kxf2 Raxd8 24.Bf5 Qc6 25.Rbc1 Nf6 26.Rcd1 Rfe8 27.Rd4 Rxd4 28.exd4 g6
29.Rg1 Qc7 30.Rg2 Qf4 31.Bxg6 Qh4+ 32.Rg3 Qxh2+ 33.Rg2 Ng4+ 34.fxg4 Qf4+  0-1

[Event "Graz op"]
[Site "Graz"]
[Date "1993.??.??"]
[Round "3"]
[White "Raffalt, Manfred"]
[Black "Podlesnik, Bogdan"]
[Result "0-1"]
[WhiteElo "2230"]
[BlackElo "2380"]

1.d4 Nf6 2.c4 e6 3.Nc3 Bb4 4.Qc2 O-O 5.g3 c5 6.dxc5 Bxc3+ 7.bxc3 Qa5 8.Bg2 Qxc5
9.Nh3 Nc6 10.O-O Qxc4 11.Ba3 Re8 12.Rfd1 d5 13.Nf4 Bd7 14.e4 Qa6 15.Bb2 Ne5
16.c4 Ba4 17.Qc1 Nfd7 18.Re1 dxc4 19.Nh5 f6 20.Qf4 Qa5 21.Re3 Ng6 22.Qg4 Nde5
23.Qe2 Rad8 24.Bc3 Qc5 25.h3 Rd3 26.Kh2 Red8 27.Nf4 Nxf4 28.gxf4 Ng6 29.Qg4 Rxe3
30.fxe3 Qxe3 31.Qxe6+ Kh8 32.Qxc4 Qxf4+ 33.Kh1 Bc6 34.Rf1 Qg3 35.Rxf6 Nh4
36.Qf1 Kg8 37.Rf2 Qxc3  0-1

[Event "Groningen op"]
[Site "Groningen"]
[Date "1993.??.??"]
[Round "1"]
[White "Feldman, Steven"]
[Black "Kachiani Gersinska, Ketino"]
[Result "0-1"]
[WhiteElo "2275"]
[BlackElo "2410"]

1.d4 Nf6 2.c4 e6 3.Nc3 Bb4 4.Qc2 O-O 5.Nf3 c5 6.dxc5 Na6 7.a3 Bxc3+ 8.Qxc3 Nxc5
9.b4 Nce4 10.Qd4 d6 11.Bb2 e5 12.Qe3 a5 13.Nd2 Nxd2 14.Qxd2 axb4 15.axb4 Rxa1+
16.Bxa1 Qc7 17.e3 Be6 18.Bd3 Bxc4 19.O-O Bxd3 20.Qxd3 Qb6 21.Rd1 Qxb4 22.Qxd6 Qxd6
23.Rxd6 Ne4 24.Rd7 Rc8 25.g4 f6 26.Kg2 Rc1 27.f3 Nc5 28.Rc7 b6 29.Rc8+ Kf7
30.Rc7+ Ke6 31.Ra7 g5 32.Ra2 Nb3 33.Rb2 Nxa1 34.Rxb6+ Kf7 35.f4 gxf4 36.exf4 exf4
37.Kf3 Rc4 38.h4 Nc2 39.h5 Ne1+ 40.Ke2 Re4+  0-1

[Event "Groningen PCA"]
[Site "Groningen"]
[Date "1993.??.??"]
[Round "11"]
[White "Agdestein, Simen"]
[Black "Hjartarson, Johann"]
[Result "1/2-1/2"]
[WhiteElo "2610"]
[BlackElo "2605"]

1.d4 Nf6 2.c4 e6 3.Nc3 Bb4 4.Qc2 O-O 5.a3 Bxc3+ 6.Qxc3 b6 7.Bg5 Bb7 8.e3 d6
9.f3 Nbd7 10.Bd3 h6 11.Bh4 c5 12.Ne2 Rc8 13.Qb3 d5 14.cxd5 Bxd5 15.Qa4 cxd4
16.exd4 Bc6 17.Qd1 Qc7 18.O-O Qb7 19.Re1 Nd5 20.Qd2 Rfe8 21.Bf2 Nf8 22.Ng3 Qd7
23.Rac1 Bb5 24.Bb1 Rxc1 25.Rxc1 Rc8 26.Ne4 Ba6 27.Re1 Ng6 28.Bg3 Nge7 29.Bf2 Qa4
30.g4 Qb3 31.Kg2 Bd3 32.Bxd3 Qxd3 33.Qxd3 Nf4+ 34.Kg3 Nxd3 35.Re2 Nd5 36.Rd2 N3f4
37.h4 Rc1 38.Kh2 f5 39.gxf5 exf5 40.Nd6 g6 41.Bg3 a6 42.Bxf4 Nxf4 43.Kg3 Nh5+
44.Kf2 Rc6 45.Nb7 Rc7 46.Nd8 Rc8 47.Ne6 Kf7 48.d5 Nf6 49.Nf4 Rd8 50.Rd4 Rd7
51.Ke2 b5 52.a4 g5 53.hxg5 hxg5 54.Ne6 Nxd5 55.Nxg5+ Kf6 56.Nh3 Ke5 57.Rh4 Rb7
58.Kd1 f4 59.axb5 axb5 60.Nf2 Kd4 61.Kd2 Rg7 62.Ng4 Nb6 63.Rh8 Nc4+ 64.Kc1 Kd3
65.Re8 Ne3 66.Ne5+ Kd4 67.Nc6+ Kd5 68.Nb4+ Kc4 69.Re4+ Kb3 70.Nd3 Rg1+ 71.Kd2 Nf1+
72.Ke2 Ng3+ 73.Kf2 Nxe4+  1/2-1/2

[Event "Gyula"]
[Site "Gyula"]
[Date "1993.??.??"]
[Round "6"]
[White "Borsavolgyi, Tamas"]
[Black "Berebora, Ferenc"]
[Result "1/2-1/2"]
[WhiteElo "2265"]
[BlackElo "2425"]

1.d4 Nf6 2.c4 e6 3.Nc3 Bb4 4.Qc2 O-O 5.Bg5 c5 6.dxc5 Na6 7.a3 Bxc3+ 8.Qxc3 Nxc5
9.f3 Nfe4 10.Bxd8 Nxc3 11.Be7 Nb3 12.Bxf8 Kxf8 13.Rd1 Nxd1 14.Kxd1  1/2-1/2

[Event "Haifa"]
[Site "Haifa"]
[Date "1993.??.??"]
[Round "?"]
[White "Alterman, Boris"]
[Black "Kosashvili, Yona"]
[Result "1/2-1/2"]
[WhiteElo "2600"]
[BlackElo "2490"]

1.d4 Nf6 2.c4 e6 3.Nc3 Bb4 4.Qc2 O-O 5.a3 Bxc3+ 6.Qxc3 d6 7.Nf3 Re8 8.e3 e5
9.Be2 e4 10.Nd2 Bg4 11.f3 Bf5 12.Nf1 h5 13.h4 Bg6 14.Bd2 c5 15.d5 b5 16.b3 Nbd7
17.f4 bxc4 18.bxc4 Rb8 19.Ng3 Nb6 20.Qc2 Qd7 21.O-O Bf5 22.Bc3 Ng4 23.Qd2 g6
24.Rfc1 Qe7 25.Nxf5 gxf5 26.g3 Kh7 27.Bxg4 fxg4 28.Ba5 Rb7 29.Qc2 Reb8 30.Rab1 Kg6
31.Rb5 Nc8 32.a4 a6 33.Rxb7 Rxb7 34.Rb1 f5 35.Rb3 Qg7 36.Bc3 Qc7 37.a5 Qb8
38.Rxb7 Qxb7 39.Kf2 Ne7 40.Ke2 Kf7 41.Kd1 Ng6 42.Kc1 Nf8 43.Qa4 Ng6 44.Kc2 Nf8
45.Bd2 Ng6 46.Qa1 Qb8 47.Qc3 Qb7 48.Be1 Qb8 49.Qa3 Nf8 50.Bc3 Qb7 51.Bd2 Nd7
52.Qa1 Nf6 53.Bc3 Nd7 54.Qa4 Ke7 55.Bd2 Qc8 56.Qa1 Kf7 57.Bc1 Qa8 58.Qc3 Qb8
59.Ba3 Qf8 60.Qb3 Qc8 61.Qc3 Qb8 62.Kc1 Qf8 63.Bb2 Ke7 64.Kc2 Qg8 65.Qa3 Qb8
66.Bc3 Qb7 67.Qa4 Kd8 68.Qa3 Ke7 69.Bd2 Qb8  1/2-1/2

[Event "HUN-chT2"]
[Site "HUN"]
[Date "1993.??.??"]
[Round "?"]
[White "Taskovits, Istvan"]
[Black "Lukacs, Peter"]
[Result "0-1"]
[WhiteElo "2230"]
[BlackElo "2480"]

1.d4 Nf6 2.c4 e6 3.Nc3 Bb4 4.Qc2 O-O 5.a3 Bxc3+ 6.Qxc3 b6 7.Bg5 Bb7 8.f3 d5
9.e3 Nbd7 10.Bd3 h6 11.Bh4 dxc4 12.Bxc4 Rc8 13.Ne2 c5 14.O-O cxd4 15.Qxd4 e5
16.Qd3 e4 17.Qd4 exf3 18.gxf3 Qe7 19.Bb3 Rfd8 20.Rad1 Ne5 21.Qf4 Rxd1 22.Bxd1 g5
23.Bxg5 hxg5 24.Qxg5+ Ng6 25.Bb3 Kg7 26.e4 Rc5 27.Qg2 Ba6 28.Rd1 Bxe2 29.Qxe2 Qe5
30.Kh1 Rb5 31.Qc4 Kh6 32.Rg1 Nh5 33.Qxf7 Nhf4 34.a4 Rc5 35.Qxa7 Qh5 36.Bd1 Rc2  0-1

[Event "HUN-chT2"]
[Site "HUN"]
[Date "1993.??.??"]
[Round "?"]
[White "Taskovits, Istvan"]
[Black "Doery, Jeno"]
[Result "1/2-1/2"]
[WhiteElo "2230"]
[BlackElo "2330"]

1.d4 Nf6 2.c4 e6 3.Nc3 Bb4 4.Qc2 O-O 5.a3 Bxc3+ 6.Qxc3 b6 7.Bg5 Bb7 8.f3 d5
9.cxd5 exd5 10.e3 Re8 11.Bb5 c6 12.Ba4 h6 13.Bh4 Qe7 14.Bf2 Nbd7 15.Rd1 a5
16.Ne2 b5 17.Bb3 b4 18.axb4 axb4 19.Qd2 c5 20.dxc5 Nxc5 21.Bc2 Ba6 22.Bb1 Rac8
23.O-O Nb3 24.Qe1 Qe5 25.Bd3 Bxd3 26.Rxd3 Qxb2 27.Qxb4 Qxe2 28.Qxb3 Rc2 29.Rc3 Rb2
30.Qd1 Ra8 31.Qxe2 Rxe2 32.Rcc1 Raa2 33.Rce1 Red2 34.Rd1 Nd7 35.Rxd2 Rxd2
36.h3 Ne5 37.Rc1 Kh7 38.Bg3 Nd3 39.Rc7 f6 40.Kf1 Kg8 41.Rd7 Nc1 42.Bc7 h5
43.Ba5 Rd3 44.Bb6 h4 45.f4 Rd1+ 46.Kf2 Rd2+ 47.Kf3 f5 48.Ba5 Rd1 49.Kf2 Nb3
50.Bc3 Rc1 51.Bxg7 Rc2+ 52.Kg1 Rc1+ 53.Kh2 Nd2 54.g4 hxg3+ 55.Kg2 Ne4 56.Bd4 Rc2+
57.Kg1 Rc1+ 58.Kg2 Rc2+ 59.Kg1 Rc1+  1/2-1/2

[Event "HUN-chT"]
[Site "HUN"]
[Date "1993.??.??"]
[Round "?"]
[White "Forintos, Gyozo V"]
[Black "Zsinka, Laszlo"]
[Result "1/2-1/2"]
[WhiteElo "2445"]
[BlackElo "2350"]

1.d4 Nf6 2.c4 e6 3.Nc3 Bb4 4.Qc2 O-O 5.a3 Bxc3+ 6.Qxc3 b5 7.Qf3 Nc6 8.cxb5 Nxd4
9.Qd3 c5 10.e3 Nf5 11.e4 Nd4 12.e5 Nd5 13.Nf3 Nxf3+ 14.Qxf3 Bb7 15.Qg3 f5
16.Bd3 Rc8 17.b3 a6 18.O-O axb5 19.Bxb5 f4 20.Qh3 g6 21.Bd3 Qg5 22.Re1 Ne7
23.Bd2 Bd5 24.Rab1 Nc6 25.Bc3 Nd4 26.Be4 Bxe4 27.Rxe4 f3 28.Bxd4 cxd4 29.Qg3 Rc1+
30.Re1 Rxe1+ 31.Rxe1 Qd2 32.Rf1 Qe2 33.Qh4 fxg2 34.Kxg2 d3 35.h3 d2 36.Qd4 Rf5
37.Qxd7 Rg5+ 38.Kh2 Qxf1 39.Qd8+ Kg7 40.Qf6+ Kg8 41.Qd8+ Kg7 42.Qe7+  1/2-1/2

[Event "HUN-chT"]
[Site "HUN"]
[Date "1993.??.??"]
[Round "?"]
[White "Zdjelar, Dusan"]
[Black "Csiszar, Csaba"]
[Result "0-1"]
[WhiteElo "2195"]
[BlackElo "2200"]

1.d4 Nf6 2.c4 e6 3.Nc3 Bb4 4.Qc2 O-O 5.a3 Bxc3+ 6.bxc3 d6 7.Nf3 Nbd7 8.e4 e5
9.Bd3 Re8 10.O-O b6 11.Re1 Nf8 12.h3 Ng6 13.Be3 Bb7 14.dxe5 dxe5 15.Nd2 Nh5
16.g3 Qd7 17.Bf1 Qc6 18.Be2 Nf6 19.Bf3 Ba6 20.Qb3 Nd7 21.Qb4 Red8 22.Nb3 Bxc4
23.Nd2 Be6 24.Kh2 a5 25.Qb1 Nc5 26.Be2 Bc8 27.h4 Bb7 28.f3 Ba6 29.c4 Ne6
30.h5 Ngf4 31.Bf1 Nxh5 32.Qb2 Nd4 33.Rac1 Qg6 34.Bf2 Qh6 35.Bh3 Qxd2  0-1

[Event "HUN-chT"]
[Site "HUN"]
[Date "1993.??.??"]
[Round "?"]
[White "Lehmann, Zoltan"]
[Black "Csonkics, Tunde"]
[Result "1/2-1/2"]
[WhiteElo "2230"]
[BlackElo "2305"]

1.d4 Nf6 2.c4 e6 3.Nc3 Bb4 4.Qc2 O-O 5.a3 Bxc3+ 6.Qxc3 b6 7.Bg5 Bb7 8.f3 h6
9.Bh4 d5 10.e3 Nbd7 11.cxd5 exd5 12.Bd3 Re8 13.Ne2 Qe7 14.Bf2 c5 15.O-O c4
16.Bc2 b5 17.b4 cxb3 18.Qxb3 a5 19.Bd3 a4 20.Qb4 Qxb4 21.axb4 Ba6 22.Nc3 Rab8
23.Rfb1 Rb6 24.e4 Rc8 25.Be1 dxe4 26.fxe4 Bb7 27.Rc1 Rd8 28.Bg3 Rc8 29.d5 Ba6
30.h3 g6 31.Bf2 Rbb8 32.Bd4 Re8 33.Rf1 Nh7 34.Rf2 Ne5 35.Bxe5 Rxe5 36.Raf1 Re7
37.Nxa4 bxa4 38.Bxa6 Rxb4 39.d6 Ra7 40.Bc8 Nf8 41.d7 Nxd7 42.Rxf7 Rd4 43.e5 Rc7
44.Bxd7 Rcxd7 45.Rf8+ Kg7 46.e6 Ra7 47.R8f7+ Rxf7 48.Rxf7+ Kg8 49.Rf6 Kg7  1/2-1/2

[Event "ISL-ch"]
[Site "?"]
[Date "1993.??.??"]
[Round "2"]
[White "Gretarsson, Helgi Ass"]
[Black "Olafsson, Helgi"]
[Result "0-1"]
[WhiteElo "2365"]
[BlackElo "2530"]

1.d4 Nf6 2.c4 e6 3.Nc3 Bb4 4.Qc2 O-O 5.Nf3 c5 6.dxc5 Na6 7.g3 Nxc5 8.Bd2 b6
9.Bg2 Bb7 10.O-O Rc8 11.Rac1 Qe7 12.Rfd1 Rfd8 13.Bg5 Bxc3 14.Qxc3 Nce4 15.Bxf6 Nxf6
16.Qe3 Bxf3 17.Bxf3 Rc7 18.b3 Rdc8 19.Qd2 Qa3 20.Rc2 d5 21.Rdc1 dxc4 22.Rxc4 Rxc4
23.Rxc4 Rxc4 24.bxc4 Qe7 25.a4 Qc7 26.Qb4 g6 27.e3 a5 28.Qb5 Nd7 29.h4 h6
30.h5 g5 31.Be2 Qd6 32.Qb2 Nc5 33.Qb5 Kf8 34.Qb2 e5 35.Qc2 e4 36.Bg4 Ke7
37.Kg2 f6 38.Bf5 Qc6  0-1

[Event "Isle of Man op"]
[Site "Isle of Man"]
[Date "1993.??.??"]
[Round "?"]
[White "Kumaran, Dharshan"]
[Black "Emms, John M"]
[Result "1/2-1/2"]
[WhiteElo "2385"]
[BlackElo "2450"]

1.d4 Nf6 2.c4 e6 3.Nc3 Bb4 4.Qc2 O-O 5.a3 Bxc3+ 6.Qxc3 b6 7.Nf3 Bb7 8.g3 d6
9.Bg2 Nbd7 10.O-O Qe7 11.b4 a5 12.Bb2 axb4 13.axb4 Rxa1 14.Rxa1 Ra8 15.Rxa8+ Bxa8
16.b5 Qe8 17.Qa3 Bb7 18.Bf1 Ne4 19.Bc1 Qa8 20.Qxa8+ Bxa8 21.Nd2 Nxd2 22.Bxd2 Kf8
23.f3 Ke7 24.Kf2 Bb7 25.Bb4 e5 26.e3 f5 27.Bh3 g6 28.g4 fxg4 29.Bxg4 c5 30.bxc6 Bxc6
31.Bxd7 Kxd7 32.dxe5 dxe5 33.c5 Bb5  1/2-1/2

[Event "ITA-chT"]
[Site "ITA"]
[Date "1993.??.??"]
[Round "4"]
[White "Marinelli, Tullio"]
[Black "Trabattoni, Franco"]
[Result "1/2-1/2"]
[WhiteElo "2365"]
[BlackElo "2335"]

1.d4 Nf6 2.c4 e6 3.Nc3 Bb4 4.Qc2 O-O 5.e3 b6 6.Bd3 d6 7.Ne2 c5 8.O-O Nc6
9.Ne4 h6 10.a3 Ba5 11.b3 Bb7 12.Bb2 Nxe4 13.Bxe4 d5 14.cxd5 exd5 15.Bf3 Rc8
16.Qf5 Ne7 17.Qh5 Qd7 18.Rfd1 Rfe8 19.Nf4 Qb5 20.dxc5 Qxb3 21.Rab1 Qc2 22.Qg4 Qh7
23.Nh5 Qg6 24.Nxg7 Red8 25.cxb6 Bxb6 26.Nh5 Rc4 27.Nf6+ Kf8 28.Qxg6 fxg6
29.Ng4 h5 30.Ne5 Ra4 31.Bd4 Bxd4 32.Rxd4 Rxd4 33.exd4 Ba6 34.g3 Kg7 35.Rb4 Rc8
36.h4 Rc1+ 37.Kh2 Bc8 38.Kg2 Rc2 39.Ra4 a6 40.Nd3 Nf5 41.Nf4 Ne3+ 42.Kg1 Rc1+
43.Kh2 Rc2 44.Be2 Nc4 45.Kg1 a5 46.Bxc4 dxc4 47.d5 Bf5 48.Ne6+ Kf6 49.Nd4 Rc1+
50.Kg2 Be4+ 51.f3 Bxd5 52.Rxa5 Ke5 53.Ne2 Rc2 54.Kf2 Rb2 55.Ke3 Rb3+ 56.Kd2 Rb2+
57.Ke3 Rb3+ 58.Kd2  1/2-1/2

[Event "Katerini GP"]
[Site "Katerini"]
[Date "1993.??.??"]
[Round "6"]
[White "Atalik, Suat"]
[Black "Arnason, Jon L"]
[Result "1/2-1/2"]
[WhiteElo "2535"]
[BlackElo "2530"]

1.d4 Nf6 2.c4 e6 3.Nc3 Bb4 4.Qc2 O-O 5.a3 Bxc3+ 6.Qxc3 b6 7.Bg5 Bb7 8.e3 d6
9.f3 h6 10.Bh4 Nbd7 11.Nh3 c5 12.dxc5 bxc5 13.Be2 a5 14.O-O Qb6 15.Rad1 Rfe8
16.Bg3 e5 17.Bd3 g6 18.Qc1 Kg7 19.Be1 Re6 20.Bc3 Qb3 21.f4 Re7 22.Qd2 Qb6
23.Qf2 Qc6 24.Rd2 a4 25.Qh4 Rae8 26.f5 Rf8 27.Rdf2 Ree8 28.Bc2 Qa6 29.Rd2 Rg8
30.fxg6 fxg6 31.Rfd1 Re6 32.Qg3 Be4 33.Bd3 Bxd3 34.Rxd3 Rge8 35.Nf2 Qxc4
36.Rxd6 Rxd6 37.Rxd6 Re6 38.Rd1 Nd5 39.Qg4 Qxg4 40.Nxg4 N5f6 41.Nxf6 Nxf6
42.Rd8 Ne4 43.Ra8 Nxc3 44.bxc3 Rd6 45.Rxa4 Rd3 46.Rc4 Rxe3 47.Kf2 Rd3 48.Ke2 Rd8
49.Rxc5 Kf6 50.a4 Kf5 51.Rc4 Rd5 52.Rb4 Ra5 53.Ke3 h5 54.h3 Ra8 55.g3 Ra5
56.c4 g5 57.Kf3 g4+ 58.hxg4+ hxg4+ 59.Ke3 Rc5 60.Rb3 Rxc4 61.Ra3 Rc2 62.Kd3 Rf2
63.Kc4 Rf3 64.Rc3 Rf1 65.a5 Ra1 66.Kb4 Ke4 67.Ra3 Rb1+ 68.Kc5 Rc1+ 69.Kd6 Rd1+
70.Ke7 Rh1 71.a6 Rh7+ 72.Kf6 Ra7 73.Kg5 Rg7+ 74.Kh5 Kf5 75.Kh6 Ra7 76.Ra5 Kf6
77.Ra1 Kf5 78.Ra2 e4 79.Ra3 e3 80.Rxe3 Rxa6+ 81.Kg7 Ra2 82.Rb3 Rf2 83.Rb5+ Ke4
84.Kg6 Kf3 85.Rb3+ Kg2 86.Kg5 Rf3 87.Rb4 Rxg3 88.Rxg4  1/2-1/2

[Event "Katowice op"]
[Site "Katowice"]
[Date "1993.??.??"]
[Round "2"]
[White "Szymczak, Zbigniew"]
[Black "Korneev, Oleg"]
[Result "1-0"]
[WhiteElo "2335"]
[BlackElo "2490"]

1.d4 Nf6 2.c4 e6 3.Nc3 Bb4 4.Qc2 O-O 5.a3 Bxc3+ 6.Qxc3 b6 7.Bg5 h6 8.Bh4 c5
9.dxc5 bxc5 10.Nf3 Nc6 11.e3 g5 12.Bg3 Ne4 13.Qc2 Qa5+ 14.Nd2 f5 15.O-O-O Nxd2
16.Rxd2 Rf7 17.Be2 Bb7 18.Rhd1 Rd8 19.f4 Nb8 20.fxg5 hxg5 21.Bf3 Bc6 22.Be5 g4
23.Bxc6 Nxc6 24.Bc3 Qc7 25.h3 g3 26.Rf1 Kf8 27.Qd1 Ke7 28.Qh5 d6 29.Qh4+ Kd7
30.Qxg3 Kc8 31.Rfd1 Rfd7 32.Qg6 e5 33.Qxf5 Kb8 34.g4 Rf7 35.Qe4 Re7 36.g5 Nd4
37.Kb1 Rf8 38.exd4 exd4 39.Qc2 dxc3 40.Qxc3 Re6 41.Qg3 Rf5 42.h4 Rfe5 43.Qb3+ Kc8
44.Ka2 Re3 45.Rd3 Re2 46.Qa4 Rh2 47.Rf1  1-0

[Event "Katowice op"]
[Site "Katowice"]
[Date "1993.??.??"]
[Round "9"]
[White "Swol, Michal"]
[Black "Skalik, Przemyslaw"]
[Result "1-0"]
[WhiteElo "2140"]
[BlackElo "2340"]

1.d4 Nf6 2.c4 e6 3.Nc3 Bb4 4.Qc2 O-O 5.a3 Bxc3+ 6.Qxc3 b6 7.Bg5 Bb7 8.f3 h6
9.Bh4 c5 10.dxc5 bxc5 11.e3 Qe7 12.Bd3 Rd8 13.Ne2 Nc6 14.O-O g5 15.Bf2 d5
16.Rfd1 Rd7 17.cxd5 Nxd5 18.Qc2 Rc8 19.Rac1 Ne5 20.Bb5 Rdc7 21.Bc4 Nb6 22.Ba2 Qf6
23.Bg3 Nxf3+ 24.gxf3 Qxf3 25.Nc3 Qh1+ 26.Kf2 Qg2+ 27.Ke1 Qg1+ 28.Ke2 Ba6+
29.Kf3 g4+ 30.Kxg4 Qxe3 31.Bxc7 Bb7 32.Qe2 f5+ 33.Kh4  1-0

[Event "Kfar Sava-B"]
[Site "Kfar Sava"]
[Date "1993.??.??"]
[Round "?"]
[White "Touzane, Olivier"]
[Black "Kosashvili, Yona"]
[Result "0-1"]
[WhiteElo "2200"]
[BlackElo "2490"]

1.d4 Nf6 2.c4 e6 3.Nc3 Bb4 4.Qc2 O-O 5.a3 Bxc3+ 6.Qxc3 d6 7.Nf3 Re8 8.g3 Nc6
9.b4 e5 10.d5 Ne7 11.Bg2 Ng6 12.O-O Bf5 13.Bb2 Qd7 14.Nd2 Bh3 15.e4 h5 16.c5 h4
17.Rac1 Bxg2 18.Kxg2 c6 19.dxc6 Qxc6 20.Qf3 d5 21.exd5 Nxd5 22.b5 Qd7 23.Ne4 Qxb5
24.Nd6 Ndf4+ 25.gxf4 Qxb2 26.fxe5 h3+ 27.Kh1 Nxe5 28.Qxb7 Qxb7+ 29.Nxb7 Re7
30.Nd6 Rb8 31.Rc3 Rb2 32.Rxh3 Rc2 33.Rg3 Ng6 34.f4 Ree2 35.f5 Rxh2+ 36.Kg1 Nh4
37.Re1 Rhd2 38.Rh3 g5 39.Ne4 Rg2+ 40.Kh1 Nxf5 41.Rc3 Rh2+ 42.Kg1 Rcg2+ 43.Kf1 Rb2
44.Kg1 Rbg2+ 45.Kf1 Nh4 46.Ng3 Rf2+ 47.Kg1 g4 48.c6 Nf3+ 49.Rxf3 gxf3 50.c7 Rhg2+
51.Kh1 Rc2 52.Re8+ Kg7 53.c8=Q Rxc8 54.Rxc8 Rxg3 55.Rc2 Kg6 56.Kh2 Rg2+ 57.Rxg2+ fxg2
58.Kxg2 Kf5 59.Kf3 a5 60.a4 f6 61.Ke3 Kg4  0-1

[Event "Kilkenny op"]
[Site "Kilkenny"]
[Date "1993.??.??"]
[Round "4"]
[White "Baburin, Alexander"]
[Black "Quinn, Mark"]
[Result "1/2-1/2"]
[WhiteElo "2550"]
[BlackElo "2270"]

1.d4 Nf6 2.c4 e6 3.Nc3 Bb4 4.Qc2 O-O 5.a3 Bxc3+ 6.Qxc3 b6 7.Bg5 Bb7 8.e3 c5
9.dxc5 bxc5 10.Nf3 a5 11.Bd3 d6 12.O-O Nbd7 13.Nd2 h6 14.Bh4 Ra6 15.Rad1 Qa8
16.f3 Rc8 17.Qc2 Rb6 18.Nb1 d5 19.Nc3 Bc6 20.cxd5 exd5 21.Bf5 g5 22.Bg3 Qb7
23.Rf2 Re8 24.Bxd7 Bxd7 25.Rfd2 Rxe3 26.Bf2 Rxb2 27.Qxb2 Qxb2 28.Rxb2 Rxc3
29.Rb6 Ba4 30.Re1 Nd7 31.Rxh6 Rxa3 32.h4 gxh4 33.Rxh4 Bc2 34.Rh5 d4 35.Rd5 Nf8
36.Rxc5 d3 37.Rg5+ Kh7 38.Re3 Ne6 39.Rg4 f5 40.Rh4+ Kg8  1/2-1/2